Portugal illuminated, iluminado

Enregistré dans:
Détails bibliographiques
Auteurs principaux: Cardal, Nuno (Auteur), Dias, Pedro (Auteur)
Format: Livre
Langue:portugais
anglais
Publié: Quimera, 2005
Sujets:
Tags: Ajouter un tag
Pas de tags, Soyez le premier à ajouter un tag!

MARC

LEADER 00000nam a22000003a 4500
001 stu172825
005 20150617230015.0
008 081015s2005----po------------------por-d
020 |a 972-589-159-7 
040 |a STU  |b slo 
041 0 |a por  |a eng 
044 |a po 
100 1 |a Cardal, Nuno  |4 aut 
245 1 |a Portugal illuminated, iluminado 
260 |b Quimera,  |c 2005 
300 |a 163 s 
650 7 |a osvetlenie mesta  |2 stusub 
650 7 |a svetlo a jeho význam v architektúre  |2 stusub 
650 7 |a illuminated  |2 estusub 
700 1 |a Dias, Pedro  |4 aut 
996 |b 284AU04028  |c A*6074  |l AA3130  |s P  |a 0  |w stu172825_0001